Ci presti tuo marito? e altre storie di vita sessuale /
Guardat en:
| Autor principal: | |
|---|---|
| Altres autors: | |
| Format: | Llibre |
| Idioma: | italià |
| Publicat: |
Milano :
A. Mondadori,
1973
|
| Col·lecció: | Oscar ;
470 Oscar narrativa ; 357 |
| Etiquetes: |
Sense etiquetes, Sigues el primer a etiquetar aquest registre!
|
MARC
| LEADER | 00000nam a22000007i 4500 | ||
|---|---|---|---|
| 001 | IT\ICCU\SBL\0596617 | ||
| 003 | ItRI | ||
| 005 | 20260115232306.0 | ||
| 008 | 910930s1973 it |||||| ||||| |||||c | ||
| 015 | |2 IT |a 74-4321 | ||
| 040 | |b ita |c importazione bologna sebina | ||
| 041 | 7 | |a ita |2 ISO-639-2 | |
| 082 | |a 823.91 |9 NARRATIVA IN LINGUA INGLESE. SEC. 20 |2 17 | ||
| 082 | |a 823.91 |2 18 | ||
| 100 | 1 | |a Greene, Graham, |d (1904-1991) |0 IT\ICCU\CFIV\000343 |4 aut | |
| 240 | 1 | 0 | |a May we borrow your husband? and other comedies of the sexual life |3 IT\ICCU\SBL\0596618 |9 Greene, Graham <1904-1991> |
| 245 | 1 | 0 | |a Ci presti tuo marito? e altre storie di vita sessuale / |c Graham Greene ; traduzione di Gianna Ottolenghi Galluccio. |
| 260 | |a Milano : |b A. Mondadori, |c 1973 | ||
| 300 | |a 241 p. ; |c 19 cm | ||
| 700 | 1 | |a Ottolenghi Galluccio, Gianna |0 IT\ICCU\RAVV\026799 |4 trl | |
| 790 | 1 | |a Green, Graham |3 IT\ICCU\IEIV\215549 |z Greene, Graham (1904-1991) | |
| 790 | 1 | |a Grin, Graham |3 IT\ICCU\RT1V\007819 |z Greene, Graham (1904-1991) | |
| 830 | 0 | |a Oscar ; |v 470 |0 IT\ICCU\CFI\0000102 | |
| 830 | 0 | |a Oscar narrativa ; |v 357 |0 IT\ICCU\CFI\0167118 | |
| 942 | |2 ddc |c BK |n 0 | ||
| 952 | |0 0 |1 0 |4 0 |6 DOC_823_914000000000000_GRE |7 0 |9 23674 |a BO |b BO |d 2026-01-15 |i 8497 |l 0 |o DOC 823.914 GRE |p BO8497 |r 2026-01-15 23:23:06 |w 2026-01-15 |x [Sebina 5] [1 v.] |y BK |z 1 v. | ||
| 999 | |c 20158 |d 20158 | ||